ბათუმის შოთა რუსთაველის სახელმწიფო უნივერსიტეტის ბიბლიოთეკა

ძველი ქართული მოთხრობა (ბიბ.ჩანაწერი № 48870)

000 -LEADER
fixed length control field 01612nam a2200217Ia 4500
001 - CONTROL NUMBER
control field 15772
003 - CONTROL NUMBER IDENTIFIER
control field GE_BSU
008 - FIXED-LENGTH DATA ELEMENTS--GENERAL INFORMATION
fixed length control field 181216s||||||||xx |||||||||||||| ||und||
040 ## - CATALOGING SOURCE
Transcribing agency GE_BSU
080 ## - UNIVERSAL DECIMAL CLASSIFICATION NUMBER
Universal Decimal Classification number 821.353.1-32
245 ## - TITLE STATEMENT
Title ძველი ქართული მოთხრობა
245 ## - TITLE STATEMENT
Remainder of title V-XII საუკუნეები
245 ## - TITLE STATEMENT
Statement of responsibility, etc. შეადგინა, წინასიტყვ. დაურთო და რედაქცია გაუკეთა რ. თვარაძემ
260 ## - PUBLICATION, DISTRIBUTION, ETC.
Place of publication, distribution, etc. თბილისი
260 ## - PUBLICATION, DISTRIBUTION, ETC.
Name of publisher, distributor, etc. საბჭ. საქართველო
260 ## - PUBLICATION, DISTRIBUTION, ETC.
Date of publication, distribution, etc. 1979
300 ## - PHYSICAL DESCRIPTION
Extent 542 გვ. : 2 ფ. ილ. ; 21 სმ
653 ## - INDEX TERM--UNCONTROLLED
Uncontrolled term უცნობი ავტორი; გობრონის წამება / ს. მტბევარი; დავით და კონსტანტინეს წამება / უცნობი ავტ.; ნინოს ცხოვრება / უცნობი ავტორი; გრიგოლ ხანძთელის ცხოვრება / გიორგი მერჩულე [და სხვ
653 ## - INDEX TERM--UNCONTROLLED
Uncontrolled term შუშანიკის წამება / იაკობ ხუცესი; ევსტათი მცხეთელის წამება / უცნობი ავტორი; სიბრძნე ბალაჰვარისა / უცნობი ავტორი; ჰაბოს წამება / იოვანე საბანის ძე; კოსტანტი კახის წამება
942 ## - ADDED ENTRY ELEMENTS (KOHA)
Koha item type წიგნი
ეგზემპლარები
Withdrawn status Lost status Damaged status Not for loan Date acquired Barcode Date last seen Price effective from Koha item type Public note
        2018-12-17 38726 2018-12-17 2018-12-17 წიგნი  
        2018-12-17 38727 2018-12-17 2018-12-17 წიგნი  
        2018-12-17 38728 2018-12-17 2018-12-17 წიგნი 6ლ.